孤月行 . 卷一
| 資料類型: | 圖書 | 書目號: | 49664 |
Leader xxxxxxxxxx 001 __ PCLIS00049664 005 __ 20230117094906.0 010 0_ |a978-986-287-296-3|b平裝|dNT$220 100 __ |a20160421d2011 m y0chiy09 e 101 0_ |achi 102 __ |atw 105 __ |aa z 000ay 200 1_ |a孤月行|h卷一|f張廉作|g何何舞插畫 205 __ |a初版 210 __ |a臺北市|c台灣國際角川|d2011[民100] 215 0_ |a275面|c彩圖|d21公分 225 2_ |aKadokawa fantastic novels DX 606 __ |2cst|a長篇小說 681 __ |a857.7|b876 700 _1 |a張|b廉|4作 702 _0 |a何何舞|4插畫 801 _0 |atw|b內湖高中|c20160421|gCCR 801 _0 |atw|b內湖高中|c20161124|gCCR 801 _2 |atw|b內湖高中|c20230117|gCCR |